Kaedah pembayaran sewa melalui potongan gaji bagi pegawai persekutuan di Sabah yang menerima subsidi perumahan

Bibliographic Details
Main Author: Rohaya Bte Din
Corporate Author: INSPEN
Format: Book
Subjects:
Online Access:http://app.inspen.gov.my:7779/pls/portal/docs/PAGE/CORPORATEPAGES/PORTAL_INSPEN/LAPORAN_PENYELIDIKAN_DI_PERPUSTAKAAN/IY.PDF

MARC

LEADER 00000cam a2200000 7i4500
001 0000007416
005 20071030.0
040 |a INS 
090 0 0 |a RESEARCH 107 
100 0 |a Rohaya Bte Din 
245 1 0 |a Kaedah pembayaran sewa melalui potongan gaji bagi pegawai persekutuan di Sabah yang menerima subsidi perumahan   |c disediakan oelh Rohaya Bte Din 
300 |c 30cm. 
500 |a Digital document is available on-line; Please click the URL below 
650 0 0 |a Housing 
650 0 0 |a Rental 
710 2 |a INSPEN 
856 |u http://app.inspen.gov.my:7779/pls/portal/docs/PAGE/CORPORATEPAGES/PORTAL_INSPEN/LAPORAN_PENYELIDIKAN_DI_PERPUSTAKAAN/IY.PDF 
999 |a RES0000178   |b BOOK   |c Research By JPPH Staff   |e Default branch